ბათუმის შოთა რუსთაველის სახელმწიფო უნივერსიტეტის ბიბლიოთეკა

პედიატრია.ტ.2 (ბიბ.ჩანაწერი № 49293)

000 -LEADER
fixed length control field 01000nam a2200277Ia 4500
001 - CONTROL NUMBER
control field 16209
003 - CONTROL NUMBER IDENTIFIER
control field GE_BSU
008 - FIXED-LENGTH DATA ELEMENTS--GENERAL INFORMATION
fixed length control field 181216s||||||||xx |||||||||||||| ||und||
020 ## - INTERNATIONAL STANDARD BOOK NUMBER
International Standard Book Number 9789941423369
040 ## - CATALOGING SOURCE
Transcribing agency GE_BSU
080 ## - UNIVERSAL DECIMAL CLASSIFICATION NUMBER
Universal Decimal Classification number 616-053.2(075.8)
100 ## - MAIN ENTRY--PERSONAL NAME
Personal name მანჯავიძე,ნინო;მეგრელიშვილი,გიული
245 ## - TITLE STATEMENT
Title პედიატრია.ტ.2
245 ## - TITLE STATEMENT
Remainder of title სახ–ლო უმაღლ.სამედიც.სასწ.სტუდენტებისათვის
245 ## - TITLE STATEMENT
Statement of responsibility, etc. შემდგ.ქეთევან გოგბერაშვილი
250 ## - EDITION STATEMENT
Edition statement 1-ლი გამოც.
260 ## - PUBLICATION, DISTRIBUTION, ETC.
Place of publication, distribution, etc. თბილისი
260 ## - PUBLICATION, DISTRIBUTION, ETC.
Name of publisher, distributor, etc. შპს ,,თობალისი
260 ## - PUBLICATION, DISTRIBUTION, ETC.
Date of publication, distribution, etc. 2012
300 ## - PHYSICAL DESCRIPTION
Extent 868გვ;სურ;23სმ,
300 ## - PHYSICAL DESCRIPTION
Dimensions ბიბლიოგრ.გვ.845-855
653 ## - INDEX TERM--UNCONTROLLED
Uncontrolled term მედიცინა
653 ## - INDEX TERM--UNCONTROLLED
Uncontrolled term პედიატრია
942 ## - ADDED ENTRY ELEMENTS (KOHA)
Koha item type წიგნი
ეგზემპლარები
Withdrawn status Lost status Damaged status Not for loan Date acquired Barcode Date last seen Price effective from Koha item type
        2018-12-17 39949 2018-12-17 2018-12-17 წიგნი
        2018-12-17 39950 2018-12-17 2018-12-17 წიგნი
        2018-12-17 39951 2018-12-17 2018-12-17 წიგნი
        2018-12-17 39952 2018-12-17 2018-12-17 წიგნი
        2018-12-17 39953 2018-12-17 2018-12-17 წიგნი
        2018-12-17 39954 2018-12-17 2018-12-17 წიგნი
        2018-12-17 39955 2018-12-17 2018-12-17 წიგნი
        2018-12-17 39956 2018-12-17 2018-12-17 წიგნი